000 00184 a2200097 4500
001 8063
100 _aLee, A
245 _aAir power
260 _a
_bDuckworth
_c
090 _c6467
_d6467
942 _aNUST-CAE
_cM
_c33008
999 _c243136
_d243136